Breathe Deeper - Tame impala (all lyrics) - Statistics

General Stats
  • This quiz has been taken 16 times
  • The average score is 275 of 338
Answer Stats
Answer % Correct
be
100%
I
100%
believe
92%
Believe
92%
can
92%
couldn't
92%
If
92%
me
92%
think
92%
you
92%
a
85%
and
85%
(And
85%
And
85%
Breathe
85%
deeper
85%
feel
85%
hold
85%
ideally
85%
my
85%
own
85%
as
77%
colours
77%
come
77%
coming
77%
do
77%
Do
77%
done
77%
forever
77%
fun?
77%
fun
77%
get
77%
havin'
77%
let
77%
like
77%
little
77%
need
77%
no
77%
now
77%
Now
77%
on
77%
one
77%
run
77%
see
77%
Seems
77%
seems
77%
should
77%
so
77%
So
77%
someone
77%
the
77%
this
77%
those
77%
through
77%
to
77%
undone
77%
we
77%
when
77%
you're
77%
You're
77%
am
69%
feeling
69%
find
69%
it
69%
mornin'
69%
moving
69%
number
69%
slow
69%
special
69%
tell
69%
that
69%
'Til
69%
we're
69%
what
69%
all
62%
awful
62%
is
62%
roll
62%
together
62%
with
62%
aint
54%
carry
54%
said)
54%
she
54%
Oh
46%
sun
46%
until
46%
say,
38%
say?)
38%
Would
23%
(Would
23%
No matching quizzes found
Score Distribution
Percent of People with Each Score
Percentile by Number Answered
Your Score History
You have not taken this quiz